|
|
|
|
| LEADER |
00000cam a2200000 i 4500 |
| 001 |
1/97190 |
| 008 |
950207s1978 gr | ||| ||||| ||gre|| |
| 035 |
|
|
|l 10010462
|
| 040 |
|
|
|a GR-MyUA
|b gre
|e AACR2
|
| 041 |
1 |
|
|a gre
|h spa
|
| 082 |
0 |
|
|a 335.43094
|
| 100 |
1 |
|
|a Carrillo, Santiago.
|
| 245 |
1 |
0 |
|a "Ευρωκομμουνισμός" και κράτος /
|c Σαντιάγκο Καρίλιο ; μετάφραση Γιάννης Λελούδας.
|
| 260 |
|
|
|a Αθήνα :
|b Θεμέλιο,
|c 1978.
|
| 300 |
|
|
|a 212 σ.
|
| 500 |
|
|
|a Τίτλος πρωτοτύπου: "Eurocomunismo" y est ado.
|
| 650 |
0 |
0 |
|a Communism
|z Europe.
|
| 650 |
0 |
0 |
|a Communist state.
|
| 700 |
1 |
|
|a Λέλουδας, Γιάννης,
|e trl
|
| 852 |
|
|
|a INST
|b LESVOS
|e 19950207
|h 335.43094 CAR
|p 005100003035
|q 005100003035
|t BK
|y 0
|
| 852 |
|
|
|a INST
|b LESVOS
|e 20060619
|h 335.43094 CAR
|p 005100036127
|q 005100036127
|t BK
|y 0
|
| 901 |
|
|
|a BIBL1-2006-2
|
| 909 |
|
|
|a Λ
|b 011295
|
| 909 |
|
|
|a Λ
|b 124110
|
| 922 |
|
|
|a 1ΕΛΗ
|b 198807
|c ΠΠ/8114
|